000 00922 a2200229 4500
999 _c9685
_d9685
022 _Ino issn
050 0 0 _aKTL19.A35 SOU 1983
100 _aDuncan, Graeme
_eeditor
110 _aSupreme Court of South Africa
245 0 4 _aSouth African law reports 1983(1) January :
_bDecisions of the Supreme Court of South Africa, South-West Africa division, High court of Zimbabwe, Supreme court of Zimbabwe, Supreme court of Transkei, Supreme court of Venda, Supreme court of Venda, Supreme court of Ciskei / /
_cGraeme Duncan, M. Barnett ...et al
264 _aSouth Africa:
_bJuta and Company LTD
_c1983
300 _a472p.:
500 _aNo index
650 0 _aLaw reports, digests, etc
650 0 _aTable of cases
651 7 _aSouth Africa.
700 1 _aBarnett, M.
_eeditor
700 1 _aBuchanan, J.L.
_eeditor
700 1 _aFisher, D.S.
_eeditor
710 1 _aSouth Africa
942 _2lcc
_cSERIALS
_h19.A35
_iSOU
_kKTL